Zavedenie eura do účtovnej praxe podnikateľských subjektov v Slovenskej republike

Bibliographic Details
Main Author: Andrejovská, Alena, 1973- (Author)
Format: Article
Language:Slovak
ISSN:1337-2955
Subjects:

MARC

LEADER 00000nab a2200000 ar4500
001 vtls010188876
003 SK-MaSNL
005 20260304154656.0
008 250507c2009 xo ||||||||||||00 b|slo
015 |a SNBRB2010/11  |2 snkbucl 
035 |a (uuid)184ced80-f046-4e73-a2d8-0d18dcf3582a 
035 |a urn:nbn:sk:snk-ab9jrw 
035 |a (urnnbn)urn:nbn:sk:snk:ar-a08hdc 
038 |a SNKBUCL 
040 |a SNKBUCL  |b slo  |c SNKBUCL  |e AACR2 
041 0 |a slo  |b eng  |b slo 
044 |a xo  |c SK 
080 |a 339.738  |x (4)  |2 1997 
080 |a 336.743.2  |2 1997 
100 1 |a Andrejovská, Alena,  |d 1973-  |4 aut  |9 263293 
245 1 0 |a Zavedenie eura do účtovnej praxe podnikateľských subjektov v Slovenskej republike  |c Alena Andrejovská 
504 |a Bibliogr. odkazy 
610 2 7 |a Európska únia  |2 snkbucl  |9 29861 
650 0 7 |a eurozóna  |2 snkbucl  |9 13394 
773 0 |t Verejná správa a regionálny rozvoj  |g Roč. V., č. 2 (2009), s. 51-58  |x 1337-2955 
850 |a Slovenská národná knižnica 
852 |a Slovenská národná knižnica 
954 |a odborná, vedecká literatúra pôvodná (slovenská)  |2 lita 
958 |a article13 
958 |a OND 
958 |a NB 
958 |a EUIPO 
999 |c 2958757  |d 2960687